ბათუმის შოთა რუსთაველის სახელმწიფო უნივერსიტეტის ბიბლიოთეკა

მეცხოველეობის მექანიზაცია ნაკელის აღების, გატანის, დამუშავებისა და შენახვის მექანიზაცია. (ბიბ.ჩანაწერი № 35404)

000 -LEADER
fixed length control field 00970nam a2200205Ia 4500
001 - CONTROL NUMBER
control field 1258
003 - CONTROL NUMBER IDENTIFIER
control field GE_BSU
008 - FIXED-LENGTH DATA ELEMENTS--GENERAL INFORMATION
fixed length control field 181216s||||||||xx |||||||||||||| ||und||
040 ## - CATALOGING SOURCE
Transcribing agency GE_BSU
080 ## - UNIVERSAL DECIMAL CLASSIFICATION NUMBER
Universal Decimal Classification number 636
245 ## - TITLE STATEMENT
Title მეცხოველეობის მექანიზაცია ნაკელის აღების, გატანის, დამუშავებისა და შენახვის მექანიზაცია.
245 ## - TITLE STATEMENT
Remainder of title მეთოდური მითითებები სასოფლო სამეურნეო უმაღლესი სასწავლებლის სტუდენტებისათვის.
260 ## - PUBLICATION, DISTRIBUTION, ETC.
Place of publication, distribution, etc. თბილისი.
260 ## - PUBLICATION, DISTRIBUTION, ETC.
Name of publisher, distributor, etc. სასოფლო სამეურნეო ინსტიტუტი.
260 ## - PUBLICATION, DISTRIBUTION, ETC.
Date of publication, distribution, etc. 1989.
300 ## - PHYSICAL DESCRIPTION
Extent 62 გვ. 19 სმ.
653 ## - INDEX TERM--UNCONTROLLED
Uncontrolled term მეცხოველეობა.
942 ## - ADDED ENTRY ELEMENTS (KOHA)
Koha item type წიგნი
ეგზემპლარები
Withdrawn status Lost status Damaged status Not for loan Date acquired Barcode Date last seen Price effective from Koha item type
        2018-12-17 2844 2018-12-17 2018-12-17 წიგნი